Cidades de Santa Catarina que começam com A - Statistics

Estatísticas Gerais
  • Esse quiz foi jogado 10 vezes
  • A pontuação média é 12 de 25
Estatísticas das Respostas
Cidades % Correto
Abelardo Luz
88%
Abdon Batista
75%
Araranguá
75%
Água Doce
63%
Anita Garibaldi
63%
Anitápolis
63%
Ascurra
63%
Agronômica
50%
Águas Frias
50%
Águas Mornas
50%
Alfredo Wagner
50%
Angelina
50%
Apiúna
50%
Araquari
50%
Atalanta
50%
Agrolândia
38%
Águas de Chapecó
38%
Antônio Carlos
38%
Arabutã
38%
Armazém
38%
Arvoredo
25%
Aurora
25%
Alto Bela Vista
13%
Anchieta
13%
Arroio Trinta
13%
Nenhum quiz correspondente encontrado
Distribuição das Pontuações
Porcentagem de Pessoas com Cada Pontuação
Percentil de Números Respondidos
Sua Pontuação Histórica
Você não jogou esse quiz